LDR 00930naa#a2200169#i#450# 001 RU\\bibl\102912 005 20260701075102.3 011 ## _a2542-1840 100 ## _a20260630b2026####ek#y0rusy0150####ca 102 ## _aRU 200 1# _aВлияние стресс-индуцированных маркетинговых стимулов на оперативную память потребителей товаров повседневного спроса _eЖурнальная статья 210 1# _aКемерово _cКемеровский государственный университет _d2026 215 ## _a10 с. 608 ## _aЖурнальная статья _2local 675 ## _aПамять. Обучение. Мнемотехника. 159.953 _aМаркетинг. 339.138 _aРеклама. 659.1 _aПсихология. 159.9 _z 700 #1 _aСамоходкин _gЕвгений Вячеславович 856 4# _avestnik-pses.kemsu.ru _u